Vývoj priemyselnej štruktúry Švédska bakalárska práca

Uložené v:
Podrobná bibliografia
Hlavný autor: Mitalová, Karina
Korporativný autor: Fakulta medzinárodných vzťahov EU. Katedra medzinárodných ekonomických vzťahov a hospodárskej diplomacie
Ďalší autori: Harakaľová, Ľubica, 1963-
Médium: Kniha
Jazyk:Slovak
Vydavateľské údaje: Bratislava 2016
Tagy: Pridať tag
Žiadne tagy, Buďte prvý, kto otaguje tento záznam!

MARC

LEADER 00000nbm a2200000 4500
001 0218152
005 20170209105348.9
041 0 |a slo 
044 |a SK 
245 1 0 |a Vývoj priemyselnej štruktúry Švédska  |b bakalárska práca  |c Karina Mitalová ; školiteľ: Ľubica Harakaľová 
264 1 |a Bratislava  |c 2016 
300 |a 58 s. 
100 1 |a Mitalová, Karina 
700 1 |a Harakaľová, Ľubica, 1963- 
710 2 |a Fakulta medzinárodných vzťahov EU. Katedra medzinárodných ekonomických vzťahov a hospodárskej diplomacie